Score 0/30 Timer 04:00
0 Plays Today
Question Answer Wrong Answers
Modern Family Network
87.2%
Notwork
3.8%
Glee Network
86.8%
Notwork
4.2%
Lost Network
86.6%
Notwork
4.4%
Married...with Children Network
85.2%
Notwork
5.9%
Ugly Betty Network
82.9%
Notwork
8.2%
Stranger Things Notwork
82.3%
Network
8.5%
Fear Factor Network
81.9%
Notwork
9.2%
This Is Us Network
80.3%
Notwork
10.7%
Game of Thrones Notwork
77.1%
Network
14%
The Blacklist Network
76.6%
Notwork
14.3%
Glow Notwork
75.9%
Network
15%
Sopranos Notwork
75.6%
Network
15.5%
Gotham Network
74.7%
Notwork
16.2%
Agents of S.H.I.E.L.D. Network
74.6%
Notwork
16.4%
Mr. Robot Notwork
74.4%
Network
16.2%
Quantico Network
74.3%
Notwork
16.6%
Fuller House Notwork
73.6%
Network
17.5%
Curb Your Enthusiasm Notwork
72.7%
Network
18.1%
Grimm Network
70.9%
Notwork
19.9%
True Blood Notwork
70.9%
Network
20.1%
Mad Men Notwork
70.3%
Network
20.8%
The Wire Notwork
69.4%
Network
21.6%
Deadliest Catch Notwork
68.8%
Network
22.6%
Beavis and Butt-Head Notwork
67.2%
Network
23.7%
Hannah Montana Notwork
66.2%
Network
25.1%
Suits Notwork
66%
Network
25%
Under the Dome Network
62.2%
Notwork
28.6%
Burn Notice Notwork
61.7%
Network
29.3%
Rizzoli & Isles Notwork
59.4%
Network
31.4%
The Commish Network
57%
Notwork
34%
Remove Ads.
Support Sporcle.
Get the best of Sporcle when you Go Orange. This ad-free experience offers more features, more stats, and more fun while also helping to support Sporcle. Thank you for becoming a member.

You're not logged in!

Compare scores with friends on all Sporcle quizzes.
OR
Log In

Show Comments

Extras

Top Quizzes Today


Score Distribution

Your Account Isn't Verified!

In order to create a playlist on Sporcle, you need to verify the email address you used during registration. Go to your Sporcle Settings to finish the process.

Report this User

Report this user for behavior that violates our Community Guidelines.

Details: